|
|
|
|
| LEADER |
00000cam a22000004a 4500 |
| 001 |
musev2_72365 |
| 003 |
MdBmJHUP |
| 005 |
20230905051441.0 |
| 006 |
m o d |
| 007 |
cr||||||||nn|n |
| 008 |
200105t20202020mdu o 00 0 eng d |
| 020 |
|
|
|a 9781421436517
|
| 020 |
|
|
|z 9781421436500
|
| 020 |
|
|
|z 9781421436494
|
| 035 |
|
|
|a (OCoLC)1134940606
|
| 040 |
|
|
|a MdBmJHUP
|c MdBmJHUP
|
| 100 |
1 |
|
|a Lake, Crystal B.,
|e author.
|
| 245 |
1 |
0 |
|a Artifacts :
|b How We Think and Write about Found Objects /
|c Crystal B. Lake.
|
| 264 |
|
1 |
|a Baltimore :
|b Johns Hopkins University Press,
|c 2020.
|
| 264 |
|
3 |
|a Baltimore, Md. :
|b Project MUSE,
|c 2020
|
| 264 |
|
4 |
|c ©2020.
|
| 300 |
|
|
|a 1 online resource (272 pages).
|
| 336 |
|
|
|a text
|b txt
|2 rdacontent
|
| 337 |
|
|
|a computer
|b c
|2 rdamedia
|
| 338 |
|
|
|a online resource
|b cr
|2 rdacarrier
|
| 505 |
0 |
|
|a Prologue. Things speaking for themselves -- Leaving room to guess -- Ten thousand gimcracks -- Coins : the most vocal monuments -- Manuscripts : burnt to a crust -- Weapons : a wilderness of arms -- Grave goods : the kings' four bodies -- Afterword. The artifactual form.
|
| 520 |
|
|
|a "The book is a study of the artifacts that antiquarians (a.k.a. antiquaries) collected in the long eighteenth century. The author considers what objects drew their attention and how they interpreted and wrote about them--in politically charged ways and not with pure historical objectivity as they claimed. The book brings together material studies and literary studies. Part 1 presents a theory of the artifact, and part 2 presents case studies of particular artifacts: coins, manuscripts, weapons, and grave goods"--
|c Provided by publisher
|
| 588 |
|
|
|a Description based on print version record.
|
| 650 |
|
7 |
|a Archaeology
|x Political aspects.
|2 fast
|0 (OCoLC)fst00812977
|
| 650 |
|
7 |
|a Antiquities
|x Collectors and collecting.
|2 fast
|0 (OCoLC)fst00810751
|
| 650 |
|
7 |
|a Antiquarians.
|2 fast
|0 (OCoLC)fst00810687
|
| 650 |
|
6 |
|a Specialistes d'histoire ancienne
|y 18e siecle.
|
| 650 |
|
6 |
|a Archeologie
|x Aspect politique
|x Histoire
|y 18e siecle.
|
| 650 |
|
0 |
|a Antiquarians
|y 18th century.
|
| 650 |
|
0 |
|a Archaeology
|x Political aspects
|x History
|y 18th century.
|
| 650 |
|
0 |
|a Antiquities
|x Collectors and collecting
|x History
|y 18th century.
|
| 655 |
|
7 |
|a History.
|2 fast
|0 (OCoLC)fst01411628
|
| 655 |
|
7 |
|a Electronic books.
|2 local
|
| 710 |
2 |
|
|a Project Muse.
|e distributor
|
| 830 |
|
0 |
|a Book collections on Project MUSE.
|
| 856 |
4 |
0 |
|z Texto completo
|u https://projectmuse.uam.elogim.com/book/72365/
|
| 945 |
|
|
|a Project MUSE - Custom Collection
|
| 945 |
|
|
|a Project MUSE - 2020 Complete
|
| 945 |
|
|
|a Project MUSE - 2020 Literature
|